Assassin's Creed Settings - Statistics

General Stats
  • This quiz has been taken 222 times
  • The average score is 10 of 12
Answer Stats
Game Year Answer % Correct
Syndicate AD 1868 London
95%
Unity AD 1776 Paris
95%
Odyssey BC 431 Ancient Greece
92%
Origins 48 BC Ptolemaic Egypt
91%
II AD 1476 Renaissance Italy
90%
Brotherhood AD 1499 Rome
90%
Revelations AD 1511 Constantinople
86%
I AD 1191 Holy Land
81%
III AD 1754 Colonial America
79%
Valhalla AD 873 England
78%
IV: Black Flag AD 1715 Caribbean
72%
Rogue AD 1752 North America
33%
No matching quizzes found
Score Distribution
Percent of People with Each Score
Percentile by Number Answered
Your Score History
You have not taken this quiz